书目信息 |
| 题名: |
忠于你的事业
|
|
| 作者: | 斯莱特 著 ;黄秀媛 译 | |
| 分册: | ||
| 出版信息: | 北京 中信出版集团 2018 |
|
| 页数: | 269页 | |
| 开本: | 23cm | |
| 丛书名: | ||
| 单 册: | ||
| 中图分类: | F737.124.2 | |
| 科图分类: | ||
| 主题词: | ||
| 电子资源: | ||
| ISBN: | 978-7-5086-8525-0 | |
| 000 | 01193nam0 2200289 450 | |
| 001 | BPC180616056 | |
| 005 | 20180321160655.32 | |
| 010 | @a978-7-5086-8525-0@b@dCNY49.00 | |
| 100 | @a20180206d2018 em y0chiy50 ea | |
| 101 | 1 | @achi@ceng |
| 102 | @aCN@b110000 | |
| 105 | @ay z 000yy | |
| 106 | @ar | |
| 200 | 1 | @a忠于你的事业@Azhong yu ni de shi ye@e沃尔玛传奇@f(美) 罗伯特·斯莱特著@d= The Wal-Mart decade@fRobert Slater@g黄秀媛译@zeng |
| 210 | @a北京@c中信出版集团@d2018 | |
| 215 | @a269页@c@d23cm | |
| 306 | @a本书限中国大陆发行 | |
| 330 | @a本书从山姆·沃尔顿去世后继任者的成就切入,完整再现了近半个世纪以来,沃尔玛从小镇起步,恪守以商店为本的核心原则,获得飞速成长,到走出美国,成为伟大成长机器的发展历程。同时,作者也从企业权力交接这个新颖的角度,讲述了沃尔玛的企业文化与经营理念在历届管理者之间的传承与发展。 | |
| 500 | 10 | @aWal-Mart decade@mChinese |
| 517 | 1 | @a沃尔玛传奇@Awo er ma chuan qi |
| 601 | 02 | @a沃尔玛公司@Awo er ma gong si@x商业经营@x经验 |
| 690 | @aF737.124.2@v5 | |
| 701 | 1 | @a斯莱特@Asi lai te@g(Slater, Robert)@4著 |
| 702 | 0 | @a黄秀媛@Ahuang xiu yuan@4译 |
| 801 | 0 | @aCN@bMUSE@c20181206@g |
| 905 | @aBZT@dF737.124.2@e5 | |
| 906 | @dCNY49.00@n3@r1 | |
| 忠于你的事业:沃尔玛传奇/(美) 罗伯特·斯莱特著= The Wal-Mart decade/Robert Slater/黄秀媛译.-北京:中信出版集团,2018 |
| 269页;23cm |
| ISBN 978-7-5086-8525-0:CNY49.00 |
| 本书从山姆·沃尔顿去世后继任者的成就切入,完整再现了近半个世纪以来,沃尔玛从小镇起步,恪守以商店为本的核心原则,获得飞速成长,到走出美国,成为伟大成长机器的发展历程。同时,作者也从企业权力交接这个新颖的角度,讲述了沃尔玛的企业文化与经营理念在历届管理者之间的传承与发展。 |
| ● |
| 相关链接 |
|
|
|
正题名:忠于你的事业
索取号:F737.124.2/5
 
预约/预借
| 序号 | 登录号 | 条形码 | 馆藏地/架位号 | 状态 | 备注 |
| 1 | 858728 | 2000858728 | 第二书库/ [索取号:F737.124.2/5] | 在馆 | |
| 2 | 858729 | 2000858729 | 第二书库/ [索取号:F737.124.2/5] | 在馆 | |
| 3 | 858730 | 2000858730 | 第二书库/ [索取号:F737.124.2/5] | 在馆 |